| 000 | 00935nam0a22002531 4500 | ||
|---|---|---|---|
| 001 | rc\3823384 | ||
| 005 | 20260407112610.0 | ||
| 035 | _a(NLR Aleph) 007271805 | ||
| 090 |
_a5417390 _c5417390 |
||
| 100 | _a20120410d1976 |||y0rusy50 ca | ||
| 101 | 0 | _arus | |
| 102 | _aRU | ||
| 105 | _ay z ||||| | ||
| 200 | 1 |
_aИнформация о работе Бюро и Секретариата ЦК ЛКСМ Латвии после VI Пленума ЦК ЛКСМ Латвии _eЧлену, кандидату в члены ЦК ЛКСМ Латвии, члену респ. ревиз. комис. |
|
| 210 |
_a[Рига] _cБ. и. _d1976 |
||
| 215 |
_a10 с. _d20 |
||
| 309 | _aБез тит. л. и обл. | ||
| 333 | _aДСП. Экз. № 176 | ||
| 710 | 0 | 2 |
_aЛКСМ Латвии _bЦК _3RU\NLR\AUTH\8810064634 _9630848 |
| 801 | 0 |
_aRU _bNLR _gpsbo |
|
| 801 | 1 |
_aRU _bELAR _2rusmarc |
|
| 852 |
_aNLR _j76-50К/1846 |
||
| 942 | _cBOOK | ||
| 980 | _aNB | ||